<?xml version="1.0" encoding="UTF-8"?>
<record
    xmlns:xsi="http://www.w3.org/2001/XMLSchema-instance"
    xsi:schemaLocation="http://www.loc.gov/MARC21/slim http://www.loc.gov/standards/marcxml/schema/MARC21slim.xsd"
    xmlns="http://www.loc.gov/MARC21/slim">

  <leader>04129nam a22001937a 4500</leader>
  <controlfield tag="005">20241025120342.0</controlfield>
  <controlfield tag="008">241025b           ||||| |||| 00| 0 eng d</controlfield>
  <datafield tag="020" ind1=" " ind2=" ">
    <subfield code="a">9780702081910</subfield>
  </datafield>
  <datafield tag="050" ind1=" " ind2=" ">
    <subfield code="a">RG950.J64(5e)</subfield>
  </datafield>
  <datafield tag="100" ind1=" " ind2=" ">
    <subfield code="9">Johnson, Ruth.</subfield>
  </datafield>
  <datafield tag="245" ind1=" " ind2=" ">
    <subfield code="a">Skillsfor midwiferiy practice /</subfield>
    <subfield code="c">Ruth Johnson and Wendy Taylor </subfield>
  </datafield>
  <datafield tag="250" ind1=" " ind2=" ">
    <subfield code="a">5th ed.</subfield>
  </datafield>
  <datafield tag="260" ind1=" " ind2=" ">
    <subfield code="a">Amsterdam :</subfield>
    <subfield code="b">Elsevier,</subfield>
    <subfield code="c">2023.</subfield>
  </datafield>
  <datafield tag="300" ind1=" " ind2=" ">
    <subfield code="a">x, 368 p. :</subfield>
    <subfield code="b">ill., col. ;</subfield>
    <subfield code="c">28 cm.</subfield>
  </datafield>
  <datafield tag="500" ind1=" " ind2=" ">
    <subfield code="a">Includes glossary and index.</subfield>
  </datafield>
  <datafield tag="505" ind1=" " ind2=" ">
    <subfield code="a">Contents: Principles of abdominal examination: during pregnancy and labour -- Principles of abdominal examination: during postnatal period -- Assessment of maternal and neonatal vital signs: temperature measurement -- Assessment of maternal and neonatal vital signs: pulse measurement -- Assessment of maternal and neonatal vital signs: blood pressure measurement -- Assessment of maternal and neonatal vital signs: respiration assessment -- Assessment of maternal and neonatal vital signs: neurological assessment -- Principles of infection control: standard infection prevention and control precautions -- Principles of infection control: hand hygiene -- Principles of infection control: principles of asepsis -- Principles of infection control: obtaining swabs -- Principles of hygiene needs: for baby -- Principles of elimination management: micturition and catheterization -- Principles of elimination management: urinalysis -- Principles of elimination management: defecation -- Principles of elimination management: obtaining urinary and stool specimens -- Principles of drug administration: legal aspects pharmacokinetics and anaphylaxis -- Principles of drug administration: oral administration -- Principles of drug administration: injection technique -- Principles of drug administration: administration of medicines per vaginam -- Principles of drug administration: administration of medicines per rectum -- Principles of drug administration: intravenous drug administration -- Principles of drug administration: inhalational analgesia Entonox -- Principles of drug administration: epidural analgesia -- Principles of drug administration: transcutaneous electrical nerve stimulation -- Facilitation of skills related to child bearing: optimal fetal positioning -- Facilitation of skills related to child bearing: cusco speculum use -- Facilitation of skills related to child bearing: membrane sweep -- Principles of intrapartum skills: first stage issues -- Principles of intrapartum skills: second stage issues -- Principles of intrapartum skills: third stage issues -- Principles of intrapartum skills: examination of the placenta -- Principles of intrapartum skills: perineal repair -- Principles of intrapartum skills: management of birth at home -- Principles of intrapartum skills: management of labour and birth in water -- Assessment of the baby: assessment at birth -- Assessment of the baby: daily examination -- Assessment of the baby: capillary sampling -- Assessment of the baby: developmental dysplasia of the hips &#x2013; Principles of infant nutrition: breastfeeding -- Principles of infant nutrition: alternatives methods finger, syringe, cup and spoon feeding -- Principles of infant nutrition: decontamination of feeding equipment -- Principles of infant nutrition: formula feeding -- Principles of infant nutrition: nasogastric feeding -- Principles of phlebotomy and intravenous therapy: maternal venipuncture -- Principles of phlebotomy and intravenous therapy: intravenous cannulation -- Principles of phlebotomy and intravenous therapy: intravenous infusion -- Principles of phlebotomy and intravenous infusion: blood transfusion -- Principles of manual handling -- Principles of perioperative skills -- Principles of wound management: healing and care -- Principles of restricted mobility management: pressure area care -- Principles restricted mobility management: prevention of venous thromboembolism -- Principles of cardiopulmonary resuscitation: maternal resuscitation -- Principles of cardiopulmonary resuscitation: neonatal resuscitation.</subfield>
  </datafield>
  <datafield tag="700" ind1=" " ind2=" ">
    <subfield code="a">Taylor, Wendy.</subfield>
    <subfield code="9">3230</subfield>
  </datafield>
  <datafield tag="942" ind1=" " ind2=" ">
    <subfield code="2">lcc</subfield>
    <subfield code="c">BK</subfield>
  </datafield>
  <datafield tag="999" ind1=" " ind2=" ">
    <subfield code="c">10459</subfield>
    <subfield code="d">17959</subfield>
  </datafield>
  <datafield tag="952" ind1=" " ind2=" ">
    <subfield code="0">0</subfield>
    <subfield code="1">0</subfield>
    <subfield code="2">lcc</subfield>
    <subfield code="4">0</subfield>
    <subfield code="7">0</subfield>
    <subfield code="a">WIUC-1</subfield>
    <subfield code="b">WIUC-1</subfield>
    <subfield code="c">NURS L.</subfield>
    <subfield code="d">2024-10-25</subfield>
    <subfield code="l">0</subfield>
    <subfield code="o">RG950.J64(5e)</subfield>
    <subfield code="p">NURS/956/136/24</subfield>
    <subfield code="r">2024-10-25 00:00:00</subfield>
    <subfield code="t">1</subfield>
    <subfield code="w">2024-10-25</subfield>
    <subfield code="y">BK</subfield>
  </datafield>
  <datafield tag="952" ind1=" " ind2=" ">
    <subfield code="0">0</subfield>
    <subfield code="1">0</subfield>
    <subfield code="2">lcc</subfield>
    <subfield code="4">0</subfield>
    <subfield code="7">0</subfield>
    <subfield code="a">WIUC-1</subfield>
    <subfield code="b">WIUC-1</subfield>
    <subfield code="c">NURS L.</subfield>
    <subfield code="d">2024-10-25</subfield>
    <subfield code="l">0</subfield>
    <subfield code="o">RG950.J641(5e)</subfield>
    <subfield code="p">NURS/957/137/24</subfield>
    <subfield code="r">2024-10-25 00:00:00</subfield>
    <subfield code="t">2</subfield>
    <subfield code="w">2024-10-25</subfield>
    <subfield code="y">BK</subfield>
  </datafield>
</record>
